[Event "Tirol-ch"]
[Site "Kramsach"]
[Date "2007.06.30"]
[Round "7.9"]
[White "Anfang, Max"]
[Black "Wagstaetter, Philipp"]
[Result "1-0"]
[WhiteElo "1922"]
[BlackElo "1540"]
[PlyCount "49"]
[EventDate "2007.06.24"]
[EventType "swiss"]
[EventRounds "7"]
[EventCountry "AUT"]
[SourceTitle "EXT 2024"]
[Source "ChessBase"]
[SourceDate "2023.10.10"]
[SourceVersion "1"]
[SourceVersionDate "2023.10.10"]
[SourceQuality "1"]

1. d4 d5 2. Nf3 Nc6 3. c4 dxc4 4. Nc3 e6 5. e4 Bb4 6. Bxc4 Nf6 7. Bg5 h6 8. Bxf6 Qxf6 9. 0-0 Bd7 10. e5 Qe7 11. Ne4 0-0-0 12. a3 Ba5 13. Rc1 f5 14. Nc5 g5 15. Qb3 Bb6 16. Nxd7 Na5 17. Nxb6+ axb6 18. Qc3 g4 19. Nh4 Qxh4 20. Bxe6+ Kb8 21. Qxc7+ Ka7 22. b4 g3 23. hxg3 Qxd4 24. bxa5 bxa5 25. Rc5 1-0